Nghiên cứu ổn định bờ sông Hậu, TP. Long Xuyên, tỉnh An Giang : Luận văn tốt nghiệp Cao học. Chuyên ngành Kỹ thuật xây dựng công trình thủy

Nghiên cứu, đánh giá nguyên nhân, cơ chế sạt lở bờ, kiểm tra tính ổn định mái bờ và đề xuất giải pháp bảo vệ bờ.

Spremljeno u:
Bibliografski detalji
Glavni autor: Nguyễn, Phương Tín
Format: Knjiga
Jezik:Undetermined
Izdano: Cần Thơ Trường Đại học Cần Thơ 2019
Teme:
Oznake: Dodaj oznaku
Bez oznaka, Budi prvi tko označuje ovaj zapis!
Thư viện lưu trữ: Trung tâm Học liệu Trường Đại học Cần Thơ
LEADER 01032nam a2200217Ia 4500
001 CTU_232096
008 210402s9999 xx 000 0 und d
082 |a 627.133 
082 |b T311 
088 |a 7580202 
100 |a Nguyễn, Phương Tín 
245 0 |a Nghiên cứu ổn định bờ sông Hậu, TP. Long Xuyên, tỉnh An Giang : 
245 0 |b Luận văn tốt nghiệp Cao học. Chuyên ngành Kỹ thuật xây dựng công trình thủy 
245 0 |c Nguyễn Phương Tín ; Văn Hữu Huệ (Cán bộ hướng dẫn) 
260 |a Cần Thơ 
260 |b Trường Đại học Cần Thơ 
260 |c 2019 
520 |a Nghiên cứu, đánh giá nguyên nhân, cơ chế sạt lở bờ, kiểm tra tính ổn định mái bờ và đề xuất giải pháp bảo vệ bờ. 
650 |a Hydraulic engineering,Kỹ thuật thủy 
910 |b nthai 
980 |a Trung tâm Học liệu Trường Đại học Cần Thơ